000 00335nam a2200133Ia 4500
008 240116s9999 xx 000 0 und d
082 _a346.04365491
_bPAK-T
100 _aPakistan law house
245 4 _aThe Trasfer of Property Act
260 _aPakistan
_bPakistan law house
_c2021
300 _a684
650 _aLaw
999 _c35002
_d35002